Sports Quiz

Random Sports or Baseball Quiz

Indpendent Baseball Leagues Quiz Stats

 Plays Quiz not verified by Sporcle

Score 0/112 Timer 10:00
0 Plays Today
League Team % Correct
Canadian American Association of Professional BaseballNewark Bears
71.7%
American Association of Independent Professional BaseballSt. Paul Saints
67.4%
Atlantic League of Professional BaseballLong Island Ducks
63%
North American LeagueMcAllen Thunder
60.9%
American Association of Independent Professional BaseballGary SouthShore RailCats
56.5%
Atlantic League of Professional BaseballSomerset Patriots
56.5%
Atlantic League of Professional BaseballYork Revolution
56.5%
Canadian American Association of Professional BaseballQuébec Capitales
56.5%
American Association of Independent Professional BaseballSioux City Explorers
54.3%
Frontier LeagueSouthern Illinois Miners
54.3%
North American LeagueFort Worth Cats
54.3%
Frontier LeagueGateway Grizzlies
52.2%
Frontier LeagueJoliet Slammers
52.2%
Arizona Summer LeagueMesa Miners
52.2%
American Association of Independent Professional BaseballFargo-Moorhead RedHawks
50%
American Association of Independent Professional BaseballKansas City T-Bones
50%
American Association of Independent Professional BaseballWinnipeg Goldeyes
47.8%
American Association of Independent Professional BaseballWichita Wingnuts
47.8%
Frontier LeagueEvansville Otters
47.8%
Frontier LeagueSchaumburg Boomers
47.8%
Arizona Fall LeagueMesa Solar Sox
45.7%
American Association of Independent Professional BaseballLincoln Saltdogs
45.7%
American Association of Independent Professional BaseballGrand Prairie AirHogs
45.7%
American Association of Independent Professional BaseballLaredo Lemurs
45.7%
Frontier LeagueRiver City Rascals
45.7%
North American LeagueSan Angelo Colts
45.7%
Pecos LeagueLas Cruces Vaqueros
45.7%
Colombian Professional Baseball LeagueCartagena Tigers
43.5%
Colombian Professional Baseball LeagueMedellin Colts
43.5%
Dominican Professional Baseball LeagueLicey Tigers
43.5%
Puerto Rico Baseball LeaguePonce Lions
43.5%
Venezuelan Professional Baseball LeagueCaracas Lions
43.5%
Venezuelan Professional Baseball LeagueAragua Tigers
43.5%
Atlantic League of Professional BaseballLancaster Barnstormers
43.5%
Atlantic League of Professional BaseballBridgeport Bluefish
43.5%
Canadian American Association of Professional BaseballNew Jersey Jackals
43.5%
Frontier LeagueWindy City ThunderBolts
43.5%
North American LeagueFullerton Flyers
43.5%
League Team % Correct
North American LeagueNa Koa Ikaika Maui
43.5%
North American LeagueEdinburg Roadrunners
43.5%
Arizona Winter LeagueArizona RoadRunners
43.5%
Pecos LeagueAlpine Cowboys
43.5%
Colombian Professional Baseball LeagueMonteria Lions
41.3%
Dominican Professional Baseball LeagueEscogido Lions
41.3%
American Association of Independent Professional BaseballAmarillo Sox
41.3%
American Association of Independent Professional BaseballEl Paso Diablos
41.3%
Atlantic League of Professional BaseballCamden Riversharks
41.3%
Frontier LeagueFlorence Freedom
41.3%
Frontier LeagueWashington Wild Things
41.3%
Arizona Winter LeagueSaskatchewan Silver Sox
41.3%
Canadian American Association of Professional BaseballRockland Boulders
39.1%
Frontier LeagueTraverse City Beach Bums
39.1%
Pecos LeagueRoswell Invaders
39.1%
Pecos LeagueWhite Sands Pupfish
39.1%
Arizona Fall LeagueScottsdale Scorpions
37%
American Association of Independent Professional BaseballSioux Falls Pheasants
37%
Atlantic League of Professional BaseballSugar Land Skeeters
37%
Frontier LeagueLake Erie Crushers
37%
Frontier LeagueNormal CornBelters
37%
North American LeagueSan Rafael Pacifics
37%
North American LeagueAbilene Prairie Dogs
37%
Arizona Winter LeagueYuma Scorpions
37%
Mexican Pacific LeagueMexicali Eagles
34.8%
Canadian American Association of Professional BaseballWorcester Tornadoes
34.8%
Frontier LeagueLondon Rippers
34.8%
North American LeagueRio Grande Valley WhiteWings
34.8%
Arizona Winter LeagueCalexico Outlaws
34.8%
Pecos LeagueTrinidad Triggers
34.8%
Colombian Professional Baseball LeagueBogota Eagles
32.6%
Dominican Professional Baseball LeagueCibaenas Eagles
32.6%
Venezuelan Professional Baseball LeagueZulia Eagles
32.6%
Dominican Professional Baseball LeagueOrientales Stars
30.4%
Atlantic League of Professional BaseballSouthern Maryland Blue Crabs
30.4%
Arizona Summer LeagueLong Beach Armada
30.4%
Arizona Winter LeagueBlythe Heat
30.4%
Arizona Winter LeagueLong Beach Armada
30.4%
League Team % Correct
Dominican Professional Baseball LeagueCibao Giants
28.3%
Puerto Rico Baseball LeagueCarolina Giants
28.3%
Venezuelan Professional Baseball LeagueGuaira sharks
28.3%
Atlantic League of Professional BaseballLoudoun Hounds
28.3%
Arizona Summer LeagueSan Diego Surf Dawgs
28.3%
Arizona Winter LeagueSan Diego Surf Dawgs
28.3%
Pecos LeagueSanta Fe Fuego
28.3%
Puerto Rico Baseball LeagueMayaguez Indians
26.1%
Canadian American Association of Professional BaseballBrockton Rox
26.1%
Mexican Pacific LeagueObregon Yankees
23.9%
Colombian Professional Baseball LeagueCali Toros
21.7%
Dominican Professional Baseball LeagueEste Toros
21.7%
Venezuelan Professional Baseball LeagueMargarita Braves
21.7%
North American LeagueYuma Panthers
21.7%
Arizona Fall LeaguePhoenix Desert Dogs
19.6%
Frontier LeagueRockford RiverHawks
19.6%
Arizona Fall LeaguePeoria Javelinas
17.4%
Arizona Fall LeagueSurprise Saguaros
17.4%
Venezuelan Professional Baseball LeagueLara Cardinals
15.2%
Venezuelan Professional Baseball LeagueMagellan's Navigators
15.2%
Arizona Summer LeagueTeam Canada
15.2%
Arizona Winter LeagueSan Luis Atleticos
15.2%
Arizona Winter LeagueTeam Canada
15.2%
Arizona Fall LeagueSalt River Rafters
13%
Arizona Winter LeagueSomerton Stingers
13%
Mexican Pacific LeagueMazatlan Deer
10.9%
Frontier LeagueMcHenry County K-Nines
10.9%
Arizona Summer LeagueEl Centro Imperials
10.9%
Mexican Pacific LeagueHermosillo Orange Growers
8.7%
Venezuelan Professional Baseball LeagueAnzoategui Caribs
8.7%
Mexican Pacific LeagueCuliacan Tomatoe Growers
6.5%
Mexican Pacific LeagueLos Mochis Sugar Cane Growers
6.5%
Mexican Pacific LeagueNavojoa Mays
6.5%
Puerto Rico Baseball LeagueCaguas Creoles
6.5%
Colombian Professional Baseball LeagueBarranquilla Caimans
2.2%
Mexican Pacific LeagueGuasave Cotton Planters
2.2%

You're not logged in!

Compare scores with friends on all Sporcle quizzes.
OR
Log In

Show Comments

Extras

Top Quizzes Today


Score Distribution

Your Account Isn't Verified!

In order to create a playlist on Sporcle, you need to verify the email address you used during registration. Go to your Sporcle Settings to finish the process.

Report this User

Report this user for behavior that violates our Community Guidelines.

Details: